Ľudová architektúra ako pamiatka a inšpirácia

Bibliographic Details
Main Author: Kovačevičová, Soňa, 1921-2009 (Author)
Format: Article
Language:Slovak
Subjects:

MARC

LEADER 00000nab a2200000 a 4500
001 vtls000077123
003 SK-MaSNL
005 20260304225439.0
008 250422c1980 xo 0 slo
015 |a SNBRB19rr/mm-uuuuu 
035 |a CL0087224 
035 |a urn:nbn:sk:snk-abb9j6 
035 |a (urnnbn)urn:nbn:sk:snk:ar-006d1g 
035 |a (uuid)e2b360a8-7447-4ad9-b889-f0d5bbcc635a 
040 |a SNKBUCL  |b slo  |c SNKBUCL  |e AACR2 
041 0 |a slo 
044 |a xo  |c SK 
080 |a 72  |2 1981 
080 |a 719  |2 1981 
080 |a 502  |2 1981 
100 1 |a Kovačevičová, Soňa,  |d 1921-2009  |4 aut  |9 132176 
245 1 0 |a Ľudová architektúra ako pamiatka a inšpirácia  |c Soňa Kovačevičová 
650 0 7 |a ľudová architektúra  |2 snkbucl  |9 2956 
650 0 7 |a pamiatková starostlivosť  |2 snkbucl  |9 2863 
650 0 7 |a životné prostredie  |2 snkbucl  |9 786 
655 7 |a články z novín a časopisov  |2 snkbucl  |9 267496 
773 0 |t Životné prostredie  |g Roč. 14, č. 5 (1980), s. 241-245 
850 |a Slovenská národná knižnica 
852 |a Slovenská národná knižnica 
954 |a odborná, vedecká literatúra pôvodná (slovenská)  |2 lita 
958 |a article15 
958 |a RK 
958 |a OND 
958 |a EUIPO 
992 |a RBX 
999 |c 3177621  |d 3179551